[Event "Mittelrhein-chT 1112"]
[Site "Germany"]
[Date "2012.01.15"]
[Round "7.6"]
[White "Dzierzenga, Stefan"]
[Black "Keller, Magnus"]
[Result "1-0"]
[WhiteElo "2066"]
[BlackElo "1760"]
[PlyCount "61"]
[EventDate "2011.09.11"]
[EventType "team-tourn"]
[EventRounds "13"]
[EventCountry "GER"]
[SourceTitle "EXT 2013"]
[Source "ChessBase"]
[SourceDate "2012.11.22"]
[SourceVersion "1"]
[SourceVersionDate "2012.11.22"]
[SourceQuality "1"]
[WhiteTeam "Bonn Beuel"]
[BlackTeam "Gruenfeld"]
[WhiteTeamCountry "GER"]
[BlackTeamCountry "GER"]

1. e4 c6 2. Ne2 d5 3. e5 Bf5 4. Ng3 Bg6 5. h4 e6 6. h5 Bf5 7. Nxf5 exf5 8. d4 h6 9. Bd3 Ne7 10. Qe2 Qd7 11. Nc3 Qe6 12. f4 Nd7 13. Be3 g6 14. 0-0-0 0-0-0 15. Kb1 Kb8 16. Na4 Nc8 17. c4 Ncb6 18. Nc5 Nxc5 19. dxc5 Na4 20. cxd5 cxd5 21. Qf2 b6 22. cxb6 Nxb6 23. Ba6 Be7 24. Rh3 Rd7 25. Bxb6 axb6 26. Rb3 Ka7 27. Bb5 Rc7 28. Qd4 Rhc8 29. Rbd3 Rc5 30. Qa4+ Kb7 31. Bd7 1-0